Las 200 mejores actrices de Hollywood - Estadísticas

Estadísticas generales
  • Esta prueba ha sido intentada 1.257 veces
    1.132 desde el último reinicio
  • La puntuación promedio es 57 de 200
Estadísticas de respuestas
Hint Respuesta % Correcto
1 MERYL STREEP
80%
21 JULIA ROBERTS
73%
143 JENNIFER ANISTON
71%
61 EMMA STONE
70%
32 JENNIFER LAWRENCE
69%
88 ANGELINA JOLIE
68%
107 PENELOPE CRUZ
67%
140 EMMA WATSON
63%
33 ANNE HATHAWAY
62%
63 MARILYN MONROE
61%
44 NATALIE PORTMAN
60%
11 AUDREY HEPBURN
58%
47 KATE WINSLET
58%
60 NICOLE KIDMAN
58%
97 SANDRA BULLOCK
57%
93 SCARLETT JOHANSSON
57%
34 VIOLA DAVIS
55%
22 ELIZABETH TAYLOR
53%
199 ZENDAYA
53%
38 CATE BLANCHETT
51%
3 BETTE DAVIS
50%
4 KATHARINE HEPBURN
50%
144 CAMERON DIAZ
49%
37 JULIANNE MOORE
49%
71 OLIVIA NEWTON JOHN
49%
12 SOPHIA LOREN
49%
18 SUSAN SARANDON
49%
180 JENNIFER LOPEZ
48%
108 SALMA HAYEK
48%
6 JANE FONDA
47%
16 JULIE ANDREWS
47%
31 MAGGIE SMITH
47%
92 CATHERINE ZETA JONES
46%
39 EMMA THOMPSON
46%
36 GEENA DAVIS
46%
104 NAOMI WATTS
46%
35 HELEN MIRREN
45%
24 DIANE KEATON
44%
46 CHARLIZE THERON
43%
8 GRETA GARBO
43%
17 JODIE FOSTER
43%
111 SHARON STONE
43%
7 OLIVIA DE HAVILLAND
42%
80 AMY ADAMS
41%
147 GRACE KELLY
41%
59 GWYNETH PALTROW
41%
30 JUDI DENCH
41%
5 JUDY GARLAND
41%
58 CHER
40%
196 DEMI MOORE
40%
149 HALLE BERRY
40%
73 HELENA BONHAM CARTER
40%
66 HELEN HUNT
40%
19 INGRID BERGMAN
40%
78 UMMA THURMAN
40%
28 VIVIEN LEIGH
40%
200 KRISTEN STEWART
39%
54 LIZZA MINELLI
39%
52 OCTAVIA SPENCER
39%
174 SARAH JESSICA PARKER
39%
91 JESSICA CHASTAIN
38%
98 MARION COTILLARD
37%
87 OLIVIA COLMAN
37%
25 FRANCES MCDORMAND
36%
57 JESSICA LANGE
36%
156 RACHEL MCADAMS
36%
154 GAL GADOT
35%
9 JOAN CRAWFORD
35%
183 MADONNA
35%
72 MICHELLE PFEIFFER
35%
148 MICHELLE WILLIAMS
35%
42 RENEE ZELLWEGER
35%
181 SOFIA VERGARA
35%
131 EMILY BLUNT
34%
26 KATHY BATES
34%
130 MARGOT ROBBIE
34%
50 SIGOURNEY WEAVER
34%
125 WINONNA RYDER
34%
184 JENNIFER GARNER
33%
49 AVA GARDNER
32%
113 EMILY WATSON
32%
29 LAUREN BACALL
32%
135 RACHEL WEISZ
32%
101 BETTE WHITE
31%
158 DREW BARRYMORE
31%
109 HILARY SWANK
31%
110 JULIETTE BINOCHE
31%
112 SAOIRSE RONAN
31%
23 SHIRLEY MACLAINE
31%
2 HELEN HAYES
30%
118 KATE HUDSON
30%
152 LAURA DERN
30%
102 MARISA TOMEI
30%
65 NATALIE WOOD
30%
94 PATRICIA ARQUETTE
30%
13 SALLY FIELD
30%
193 ALICIA SILVERSTONE
29%
151 BRIE LARSON
29%
45 JOAN FONTAINE
29%
194 MEG RYAN
29%
105 SHIRLEY JONES
29%
145 ALICIA VIKANDER
28%
55 FAYE DUNAWAY
28%
67 HOLLY HUNTER
28%
51 JAMMIE LEE CURTIS
28%
77 JESSICA TANDY
28%
96 RESSE WHITERSPOON
28%
128 TILDA SWINTON
28%
14 GLENDA JACKSON
27%
139 JACKI WEAVER
27%
79 LUPITA NYONG'O
27%
83 ANJELICA HUSTON
26%
48 BARBRA STREISAND
26%
20 GLENN CLOSE
26%
10 JOANNE WOODWARD
26%
40 RITA HAYWORTH
26%
162 RITA MORENO
26%
106 SHIRLEY TEMPLE
26%
53 DEBBIE REYNOLDS
25%
115 FERNANDA MONTENEGRO
25%
114 LAURA LINNEY
25%
116 MARY TYLER MOORE
25%
121 ROONEY MARA
25%
64 ANGELA LANSBURY
24%
56 JULIE CHRISTIE
24%
74 WHOOPI GOLDBERG
24%
163 DIANE LANE
23%
188 REBEL WILSON
23%
75 REGINA KING
22%
76 VANESSA REEDGRAVE
22%
68 DORIS DAY
21%
15 ELLEN BURSTYN
21%
173 ANNA KENDRICK
20%
136 KEIRA KNIGHTLEY
20%
167 ROSAMUND PIKE
19%
82 ANNETTE BENNING
18%
191 FELICITY JONES
18%
197 DAKOTA FANNING
17%
182 EMILIA CLARKE
17%
129 KRISTINN SCOTT THOMAS
17%
27 LILLY TOMLIN
16%
157 MILA KUNIS
16%
185 MIRA SORVINO
15%
62 SISSY SPACECK
15%
103 MELISSA MCCARTHY
14%
169 SALLY HAWKINS
14%
198 VERA FARMIGA
14%
178 AMANDA SEYFRIED
13%
70 PATRICIA NEAL
12%
127 IMELDA STAUNTON
10%
95 ANGELA BASSET
9%
190 ANYA TAYLOR JOY
9%
100 BETTE MIDLER
9%
134 CLAIRE FOY
9%
90 GERALDINE PAGE
9%
41 DEBORAH KERR
8%
124 MAGGIE GYLLENHAAL
8%
120 OPRAH WINFREY
8%
150 TARAJI P. HENSON
8%
186 VANESSA KIRBY
8%
141 ALISSON JANNEY
7%
165 FELICITY HUFFMAN
7%
86 JUDY HOLIDAY
7%
177 KIM BASIGNER
7%
126 MELISSA LEO
7%
43 ANNE BANCROFT
6%
166 CAREY MULLIGAN
6%
142 CICELY TYSON
6%
99 GOLDIE HAWN
6%
84 LEE GRANT
6%
81 LUISE RAINER
6%
119 PATRICIA CLARKSON
6%
195 QUEEN LATIFAH
6%
138 TERESA WRIGHT
6%
192 TESSA THOMPSON
6%
164 GLORIA STUART
5%
69 GREER GARSON
5%
168 ISABELLE HUPPERT
5%
133 KATY JURADO
5%
137 MARGO MARTINDALE
5%
189 OLIMPIA DUKAKIS
5%
153 BONNIE HUNT
4%
122 BRENDA FRICKER
4%
170 CANDICE BERGEN
4%
179 CHLOE GRACE MORETZ
4%
89 EILEEN HECKART
4%
123 JOAN ALLEN
4%
171 JOAN CUSACK
4%
117 MARY STEENBURGEN
4%
132 RENE RUSSO
4%
161 ROSALIND RUSSELL
4%
172 RUBY DEE
4%
175 SHAILENNE WOODLEY
4%
160 STOCKARD CHANNING
4%
146 ABIGAIL BRESLIN
3%
187 AMY SHUMER
3%
155 DIANNE WIEST
3%
85 JANE ALEXANDER
3%
176 MAUREN STAPLETON
3%
159 PAULINE COLLINS
3%
No se encontraron pruebas coincidentes
Distribución de puntuación
Porcentaje de gente con cada puntuación
Porcentaje por número respondido
Historial de tus puntuaciones
No has intentado esta prueba desde el último reinicio